000 00612ngm a2200265 a 4500
003 OSt
005 20251020182702.0
008 240217s9999 xx 000 0 und d
040 _aPE SENCICO BE
040 _cPE SENCICO BE
041 _aspa
082 _aP005
245 0 _aLectura de diagramas eléctricos (lección 5) /
245 0 _cTEL-A-TRAIN
260 _aEstados Unidos
260 _bTEL-A-TRAIN
260 _cNo precisa
300 _a1 VIDEO
300 _bson., Col.
300 _c23'
490 _aELECTRICIDAD
650 _aDIAGRAMA ELECTRICO
910 _aila.
942 _cVID
_2ddc
999 _c4853
_d4853